Gadżet z nazwą firmy. - Statystyki

Ogólne statystyki
  • Ten quiz został rozwiązany 9 razy
  • Średni wynik to 3 z 8
Statystyki odpowiedzi
Hint Odpowiedź % Poprawnych
1. Długopis
89%
2. Brelok
67%
3. Kubek
67%
5. Czapka
44%
4. Smycz
44%
6. Pendrive
11%
8. Chusteczki do okularów
0%
7. Naklejki
0%
Nie znaleziono quizów pasujących do podanych kryteriów
Rozkład punktacji
Procent ludzi z każdym wynikiem
Percentyl według liczby udzielonych odpowiedzi
Twoja historia wyników
Nie rozwiązałeś tego quizu